| 000 | 00696cab a2200229 4500 | ||
|---|---|---|---|
| 001 | ABS39773 | ||
| 008 | 090401t1988 xxu||||| |||| 00| 0 eng d | ||
| 035 | _a(Sirsi) u18903 | ||
| 041 | _aeng | ||
| 245 | _aCentrefolio : Nottingham , Derby , Leicester , Northampton , roundup | ||
| 260 | _c1988 | ||
| 350 | _a0 | ||
| 490 |
_aChartered Surveyor Weekly _v24(11) 22 September 1988, 36-60(9) |
||
| 520 | _aDescribes retail , commercial and industrial activity in the above areas. | ||
| 650 | _aCORBY | ||
| 650 | _aDEVELOPMENT | ||
| 650 | _aKETTERING | ||
| 650 | _aWELLINGBOROUGH | ||
| 690 | _aPROPERTY-COMMERCIAL PROPERTY-COMMERCIAL PROPERTY MARKET | ||
| 942 | _n0 | ||
| 948 | _c04/03/1997 | ||
| 999 |
_c12573 _d12573 |
||